Top 20 Marcatori Serie B - Statistics

Statistiche generali
  • Questo quiz è stato fatto 120 volte
  • Il punteggio medio è 5 su 20
Statistiche sulle risposte
Gol Stagioni in gol Calciatore Gol per squadra % Corretto
136 2007-2008, 2015-2017, 2018-2020, 2020- Massimo Coda Salernitana 31, Benevento 28, Lecce 42, Genoa 10, Cremonese 16, Sampdoria 9
71%
132 2008-2010, 2012-2018 Andrea Caracciolo Brescia 132
57%
116 1992-1997, 1998-2000 Dario Hübner Cesena 74, Brescia 42
45%
117 2008-2010, 2011-2018 Francesco Caputo Bari 47, Salernitana 6, Siena 3, Virtus Entella 35, Empoli 26
39%
119 2001-2002, 2004-2005, 2008-2009, 2010-2014, 2015-2016 Francesco Tavano Empoli 82, Livorno 34, Avellino 3
39%
135 1996-1998, 1999-2008 Stefan Schwoch Ravenna 8, Venezia 17, Napoli 28, Torino 8, Vicenza 74
36%
134 2000-2001, 2002-2003, 2003-2005, 2005-2008, 2009-2013, 2014-2015, 2015-2017, 2017-2018 Daniele Cacia Piacenza 52, Reggina 4, Padova 11, Verona 24, Bologna 11, Ascoli 29, Cesena 3
34%
118 2009-2013, 2014-2015, 2016-2018, 2019-2024 Francesco Dionisi Salernitana 10, Livorno 35, Frosinone 52, Ascoli 20, Ternana 1
28%
100 1989-1994, 1998-1999, 2002-2004 Igor Protti Messina 31, Bari 15, Reggiana 7, Livorno 47
26%
107 2000-2001, 2002-2003, 2003-2005, 2006-2007, 2010-2011, 2014-2016, 2017-2018, 2019 Emanuele Calaiò Torino 2, Ternana 2, Messina 2, Pescara 27, Napoli 14, Siena 18, Catania 18, Spezia 9, Parma 13, Salernitana 2
23%
109 2008-2011, 2012-2013, 2014-2016, 2016-2022 Matteo Ardemagni Triestina 2, Cittadella 22, Atalanta 1, Padova 3, Modena 28, Carpi 4, Perugia 17, Avellino 20, Ascoli 11, Reggiana 1
17%
114 1990-1992, 1994-1995, 1995-1996, 1996-1999, 2000-2001, 2003-2005, 2006-2007 Marco Ferrante Reggiana 5, Pisa 13, Perugia 3, Salernitana 6, Torino 78, Catania 5, Pescara 1, Verona 3
11%
105 1994-1995, 2000, 2001-2002, 2003-2006, 2007-2011 Denis Godeas Messina 15, Bari 1, Triestina 46, Mantova 43
7%
130 1934-1937, 1940-1943, 1946-1947 Giovanni Costanzo Cremonese 14, Livorno 28, Spezia 63, Biellese 25
6%
103 1930-1932, 1934-1935, 1939-1943, 1946-1948 Cosimo Francioso Avellino 1, Ravenna 8, Lecce 15, Monza 14, Genoa 65
5%
108 1990-1999 Roberto Paci Lucchese 105, Reggiana 3
5%
124 1985, 1986-1989, 1990-1993, 1994-1996, 1997-1999 Antonio De Vitis Palermo 1, Taranto 28, Udinese 16, Piacenza 47, Verona 32
4%
112 1931-1936, 1937-1938 Marco Romano Comense 41, Novara 71
3%
110 1935-1936, 1939-1940, 1942-1943, 1946-1948 Vinicio Viani Lucchese 34, Livorno 35, Napoli, Viareggio 25
3%
99 1930-1932, 1934-1935, 1939-1943, 1946-1948 Walter D'Odorico Udinese 81, Padova 18
2%
Nessun quiz corrispondente trovato
Distribuzione punteggi
Percentuale di utenti per punteggio
Percentile per numero di risposta
I tuoi punteggi nel tempo
Non hai fatto questo quiz